000 00743nam a2200181 a 4500
008 110111s2004 ||||||||||||||||| || u
020 _a9793361360
050 _aSD 543 Ric
100 _aShanley, Patricia
245 1 0 _aRiches of the forest: for health, life and spirit in Africa
_cedited by Citlalli Lopez and Patricia Shanley
260 _aIndonesia:
_bCenter for International Forestry Research (CIFOR)
_c2004
300 _axii, 115p.: ill
350 _a0.00
650 _aNON-TIMBER FOREST PRODUCTS--MANAGEMENT
650 _aFORESTRY
700 _aLopez, Citlalli
995 _D0.00
_FCBU-MAIN LIBRARY (Kitwe)
_H1
_I0.00
_M1
_UAVAILABLE
_WFeb 10, 2011
_ZAnnex Low-Usage Collection
999 _c56542
_d56542